00790nam a22002177a 4500999001500000001000600015003000900021005001700030008004100047040003900088082002400127245009700151260004200248300002200290505001200312650004200324650003800366700002900404942001200433952012700445 c1888d188819467BD-DhUAP20210127094313.0200217s2012 bg ||||| |||| 00| 0 eng d aBD-DhUAPbEng cBD-DhUAPdBD-DhUAP 223a348.5492046 MAI aThe mainstream law reports : ba monthly legal journal /cedited by Khondaker Md. Abu Bakar. aDhaka : bShahnaj Khondaker, c2011. avolumes ;c25 cm. aV. 16-- aLaw reports, digests, etczBangladesh aLaw -- Bangladesh -- Periodicals. aKhondaker, Md. Abu Bakar 2ddccBK 00102ddc4070aUAPCLbUAPCLcGeneral Stacksd2020-02-17o348.5492046 MAI V-16p3010019467r2020-02-17t1w2020-02-17yBK